| Tag |
First Indicator |
Second Indicator |
Subfields |
| LEADER |
00000cam a2200000 a 4500 |
| 001 |
in00001492213 |
| 005 |
20151021091845.0 |
| 008 |
860915s1979 cs c 000 0bcze d |
| 035 |
|
|
|a (OCoLC)14220472
|
| 035 |
|
|
|9 AJK2443AM
|
| 040 |
|
|
|a HLS
|c HLS
|d TXA
|d UtOrBLW
|
| 049 |
|
|
|a TXAM
|
| 090 |
|
|
|a Z6616 J48
|b V68 1979
|
| 100 |
1 |
|
|a Vorlíčková, Marie.
|
| 245 |
1 |
0 |
|a Soupis rodinné korespondence Aloise Jiráska a členů jeho rodiny ze sbírek Muzea Aloise Jiráska a Mikoláše Alše v Praze /
|c [Marie Vorlíčková].
|
| 264 |
|
1 |
|a Praha :
|b Muzeum Aloise Jiráska a Mikoláše Alše,
|c [1979?]
|
| 300 |
|
|
|a 80 pages ;
|c 21 cm.
|
| 336 |
|
|
|a text
|b txt
|2 rdacontent
|
| 337 |
|
|
|a unmediated
|b n
|2 rdamedia
|
| 338 |
|
|
|a volume
|b nc
|2 rdacarrier
|
| 490 |
0 |
|
|a 5. svazek soupisu literární pozůstalosti Aloise Jiráska
|
| 500 |
|
|
|a Limited edition, 500 cop.
|
| 600 |
1 |
0 |
|a Jirásek, Alois,
|d 1851-1930
|x Archives
|x Catalogs.
|
| 600 |
1 |
0 |
|a Jirásek, Alois,
|d 1851-1930
|x Correspondence.
|
| 710 |
2 |
|
|a Muzeum Aloise Jiráska a Mikoláše Alše v Praze.
|
| 948 |
|
|
|a c:tc
|
| 999 |
|
|
|a MARS
|
| 999 |
f |
f |
|s 63e59792-4939-3441-ba80-826e6754ca9a
|i 8d32b35e-bfe2-3880-97c3-96d408d4e060
|t 0
|
| 952 |
f |
f |
|p ric
|a Texas A&M University
|b Rellis Campus
|c Joint Library Facility
|d Remote Storage
|t 0
|e Z6616 J48 V68 1979
|h Library of Congress classification
|i unmediated -- volume
|m A14842718984
|
| 998 |
f |
f |
|a Z6616 J48 V68 1979
|t 0
|l Remote Storage
|